[Event "Titled Tuesday intern op 21st Feb Early"]
[Site "Chess.com INT"]
[Date "2023.02.21"]
[Round "5"]
[White "Pranav, V."]
[Black "Kouskoutis, Georgios Alexandros"]
[Result "1-0"]
[WhiteElo "2545"]
[BlackElo "2295"]
[PlyCount "87"]
[EventDate "2023.02.21"]
[EventType "swiss (blitz)"]
[EventRounds "11"]
[EventCountry "USA"]
[SourceTitle "CBM 212 Extra"]
[Source "ChessBase"]
[SourceDate "2023.03.31"]
[SourceVersion "1"]
[SourceVersionDate "2023.03.31"]
[SourceQuality "1"]

1. Nf3 d5 2. g3 Nc6 3. d4 Bg4 4. Bg2 Qd7 5. c4 e6 6. cxd5 exd5 7. 0-0 0-0-0 8. Nc3 Bh3 9. Bf4 Bxg2 10. Kxg2 Nf6 11. Rc1 Bd6 12. Bxd6 Qxd6 13. Qa4 a6 14. a3 Ne4 15. b4 Nxc3 16. Rxc3 Na7 17. Rfc1 Nb5 18. Rc5 f6 19. Qb3 Kb8 20. a4 Na7 21. Rxc7 Qxc7 22. Rxc7 Kxc7 23. Ne1 Kb8 24. Nd3 Rhe8 25. e3 Nc8 26. b5 Ka7 27. Nf4 Nb6 28. bxa6 bxa6 29. a5 Nc4 30. Nxd5 Rxd5 31. Qxc4 Rd7 32. Qc6 Red8 33. Qb6+ Ka8 34. Qxa6+ Ra7 35. Qd3 Rd5 36. Qxh7 Rdxa5 37. Qg8+ Kb7 38. Qxg7+ Ka8 39. Qxf6 Ra2 40. h4 Rb7 41. h5 Rb1 42. h6 Raa1 43. h7 Rg1+ 44. Kf3 1-0

[Event "Titled Tuesday intern op 21st Feb Early"]
[Site "Chess.com INT"]
[Date "2023.02.21"]
[Round "1"]
[White "Vaibhav, Jayant Raut"]
[Black "Kouskoutis, Georgios Alexandros"]
[Result "1/2-1/2"]
[WhiteElo "2237"]
[BlackElo "2295"]
[PlyCount "170"]
[EventDate "2023.02.21"]
[EventType "swiss (blitz)"]
[EventRounds "11"]
[EventCountry "USA"]
[SourceTitle "CBM 212 Extra"]
[Source "ChessBase"]
[SourceDate "2023.03.31"]
[SourceVersion "1"]
[SourceVersionDate "2023.03.31"]
[SourceQuality "1"]

1. c4 Nf6 2. g3 e6 3. Bg2 d5 4. Nf3 Be7 5. 0-0 0-0 6. b3 d4 7. Bb2 c5 8. b4 Nc6 9. bxc5 Bxc5 10. d3 e5 11. Nbd2 Bg4 12. h3 Bh5 13. Rb1 Qe7 14. Nh4 Rac8 15. Bc1 b6 16. g4 Bg6 17. Nxg6 hxg6 18. Nb3 Bd6 19. Bg5 Qe6 20. Nd2 Nd7 21. Qa4 Nc5 22. Qb5 Be7 23. Bxe7 Nxe7 24. a4 f5 25. gxf5 gxf5 26. a5 Rb8 27. axb6 axb6 28. Nb3 Qd6 29. Rb2 Ng6 30. Qc6 Qxc6 31. Bxc6 Nf4 32. Bf3 Nxh3+ 33. Kh2 Nf4 34. Nxc5 bxc5 35. Rfb1 Rxb2 36. Rxb2 Re8 37. Rb5 e4 38. dxe4 fxe4 39. Bg4 Re5 40. Kg3 g5 41. Rb8+ Kf7 42. Rb7+ Ke8 43. Rb8+ Ke7 44. Rb7+ Kd8 45. e3 dxe3 46. fxe3 Nd3 47. Rd7+ Ke8 48. Rc7 Nb2 49. Rc8+ Ke7 50. Be2 Nd3 51. Rc7+ Kd6 52. Rg7 Kc6 53. Rg6+ Kb7 54. Kg4 Nf2+ 55. Kh5 g4+ 56. Kh4 Kc7 57. Bxg4 Nxg4 58. Kxg4 Kd7 59. Kf4 Re8 60. Rg5 Kd6 61. Rd5+ Kc6 62. Re5 Rf8+ 63. Kxe4 Kb6 64. Re6+ Ka5 65. Kd5 Rc8 66. Rd6 Kb4 67. e4 Re8 68. e5 Re7 69. e6 Rb7 70. Rd7 Rb8 71. e7 Re8 72. Ke6 Kxc4 73. Kf7 Rxe7+ 74. Kxe7 Kb3 75. Ke6 c4 76. Ke5 c3 77. Rb7+ Ka2 78. Rc7 Kb2 79. Kd4 c2 80. Rb7+ Ka2 81. Rc7 Kb2 82. Rb7+ Ka2 83. Ra7+ Kb2 84. Rc7 c1Q 85. Rxc1 Kxc1 1/2-1/2

[Event "Titled Tuesday intern op 24th Jan Late"]
[Site "Chess.com INT"]
[Date "2023.01.24"]
[Round "11"]
[White "Carnicelli, Valerio"]
[Black "Kouskoutis, Georgios Alexandros"]
[Result "0-1"]
[WhiteElo "2351"]
[BlackElo "2295"]
[PlyCount "108"]
[EventDate "2023.01.24"]
[EventType "swiss (blitz)"]
[EventRounds "11"]
[EventCountry "USA"]
[SourceTitle "EXT 2024"]
[Source "ChessBase"]
[SourceDate "2023.10.10"]
[SourceVersion "1"]
[SourceVersionDate "2023.10.10"]
[SourceQuality "1"]

1. b3 e5 2. Bb2 d6 3. c4 c5 4. g3 Nc6 5. Bg2 g6 6. f4 Bg7 7. Bxc6+ bxc6 8. fxe5 Bxe5 9. Bxe5 dxe5 10. e3 e4 11. Nc3 f5 12. Nge2 Nf6 13. Na4 Qd6 14. Qc1 Be6 15. Qc3 Ke7 16. 0-0-0 Rhd8 17. h4 Bf7 18. Nf4 a5 19. d4 cxd4 20. Rxd4 Qb4 21. Qxb4+ axb4 22. Rhd1 Ng4 23. Rxd8 Rxd8 24. Rxd8 Kxd8 25. Kd2 Kc7 26. Nc5 Kd6 27. Na4 c5 28. Nb2 Ne5 29. Nd1 h6 30. Nf2 g5 31. hxg5 hxg5 32. N4h3 Nf3+ 33. Ke2 Bh5 34. g4 fxg4 35. Nxe4+ Ke5 36. Nhxg5 Bg6 37. Nxc5 Nxg5 38. Na6 g3 39. Nxb4 Be4 40. Nc6+ Bxc6 41. b4 g2 42. b5 g1Q 43. bxc6 Qg2+ 44. Kd3 Qxc6 45. Kc3 Ne4+ 46. Kb4 Nc5 47. a4 Qxa4+ 48. Kxc5 Qa3+ 49. Kb6 Qxe3+ 50. c5 Kd5 51. Kb5 Qxc5+ 52. Ka6 Qb4 53. Ka7 Kc6 54. Ka6 Qa4# 0-1

[Event "Titled Tuesday intern op 24th Jan Late"]
[Site "Chess.com INT"]
[Date "2023.01.24"]
[Round "3"]
[White "Djokic, Mihailo"]
[Black "Kouskoutis, Georgios Alexandros"]
[Result "0-1"]
[WhiteElo "2221"]
[BlackElo "2295"]
[PlyCount "78"]
[EventDate "2023.01.24"]
[EventType "swiss (blitz)"]
[EventRounds "11"]
[EventCountry "USA"]
[SourceTitle "EXT 2024"]
[Source "ChessBase"]
[SourceDate "2023.10.10"]
[SourceVersion "1"]
[SourceVersionDate "2023.10.10"]
[SourceQuality "1"]

1. e4 c5 2. Nf3 e6 3. d4 cxd4 4. Nxd4 Nc6 5. Nc3 Qc7 6. Be2 a6 7. 0-0 b5 8. Nxc6 Qxc6 9. e5 Bb7 10. Bf3 Qc7 11. Re1 Rc8 12. Bf4 Ne7 13. Bxb7 Qxb7 14. Qd3 Ng6 15. Bg3 Be7 16. Rad1 0-0 17. Qxd7 Qxd7 18. Rxd7 b4 19. Na4 Rxc2 20. h3 h5 21. Red1 h4 22. Bh2 Rfc8 23. g4 hxg3 24. Bxg3 Bh4 25. Bxh4 Nxh4 26. Rd8+ Rxd8 27. Rxd8+ Kh7 28. Rb8 Nf3+ 29. Kg2 Nxe5 30. Rxb4 Rxf2+ 31. Kg3 Rc2 32. Rb6 Rc6 33. Rb7 g5 34. Nc3 Kg6 35. Ne2 Rc2 36. Nd4 Rd2 37. Nb3 Rxb2 38. Ra7 f5 39. Rxa6 f4# 0-1

[Event "Titled Tuesday intern op 24th Jan Late"]
[Site "Chess.com INT"]
[Date "2023.01.24"]
[Round "4"]
[White "Kleiman, Jake"]
[Black "Kouskoutis, Georgios Alexandros"]
[Result "0-1"]
[WhiteElo "2399"]
[BlackElo "2295"]
[PlyCount "156"]
[EventDate "2023.01.24"]
[EventType "swiss (blitz)"]
[EventRounds "11"]
[EventCountry "USA"]
[SourceTitle "EXT 2024"]
[Source "ChessBase"]
[SourceDate "2023.10.10"]
[SourceVersion "1"]
[SourceVersionDate "2023.10.10"]
[SourceQuality "1"]

1. e4 c5 2. c3 g6 3. d4 cxd4 4. cxd4 d5 5. e5 Nc6 6. Nc3 Bg7 7. h4 h5 8. Bb5 Nh6 9. Nge2 0-0 10. Bxc6 bxc6 11. 0-0 Nf5 12. g3 c5 13. Bf4 Ba6 14. Re1 Bxe2 15. Nxe2 cxd4 16. Nxd4 Nxd4 17. Qxd4 e6 18. b4 Qb6 19. Qxb6 axb6 20. a4 Ra6 21. a5 Rfa8 22. Bd2 bxa5 23. Rxa5 Kf8 24. f4 Ke8 25. Rea1 Rxa5 26. bxa5 Bf8 27. Kf2 Bc5+ 28. Ke2 Kd7 29. Rc1 Be7 30. Kd3 Bd8 31. Rc5 Be7 32. Rb5 Kc6 33. Rb6+ Kc7 34. Kd4 Ba3 35. Bc3 Be7 36. Rb1 Ra7 37. Rb5 Kc6 38. Rb8 Kc7 39. Re8 Kc6 40. Kd3 Bc5 41. Rc8+ Rc7 42. Rb8 Rb7 43. Rc8+ Rc7 44. Ra8 Ra7 45. Rg8 Kb5 46. Rc8 Rb7 47. Kc2 Bb4 48. Bxb4 Kxb4 49. a6 Ra7 50. Rc6 Kb5 51. Rd6 Rxa6 52. Rd7 Ra3 53. Rxf7 Rxg3 54. Rf6 Rg4 55. Rxe6 Rxf4 56. Rxg6 Rxh4 57. Kd3 Re4 58. Rg5 Kc5 59. Rxh5 Rd4+ 60. Ke3 Re4+ 61. Kf3 Kd4 62. Rh1 Rxe5 63. Rd1+ Kc5 64. Rd2 d4 65. Rc2+ Kb4 66. Rc8 d3 67. Kf2 d2 68. Rd8 Kc3 69. Rc8+ Kb2 70. Rb8+ Kc1 71. Rc8+ Kd1 72. Rf8 Rc5 73. Ra8 Kc2 74. Ra2+ Kd3 75. Ra3+ Rc3 76. Ra8 d1Q 77. Rd8+ Kc2 78. Rxd1 Kxd1 0-1

[Event "Titled Tuesday intern op 24th Jan Late"]
[Site "Chess.com INT"]
[Date "2023.01.24"]
[Round "7"]
[White "Tanenbaum, Zachary Chen"]
[Black "Kouskoutis, Georgios Alexandros"]
[Result "1-0"]
[WhiteElo "2244"]
[BlackElo "2295"]
[PlyCount "129"]
[EventDate "2023.01.24"]
[EventType "swiss (blitz)"]
[EventRounds "11"]
[EventCountry "USA"]
[SourceTitle "EXT 2024"]
[Source "ChessBase"]
[SourceDate "2023.10.10"]
[SourceVersion "1"]
[SourceVersionDate "2023.10.10"]
[SourceQuality "1"]

1. e4 c5 2. Nf3 Nc6 3. Nc3 g6 4. d4 cxd4 5. Nxd4 Bg7 6. Be3 Nf6 7. Bc4 0-0 8. Bb3 d6 9. h3 Bd7 10. 0-0 Nxd4 11. Bxd4 Bc6 12. f4 Nd7 13. Bxg7 Kxg7 14. Qd2 a5 15. a4 Nc5 16. Bd5 Qb6 17. Kh1 Rad8 18. f5 Nd7 19. Rf4 f6 20. h4 Ne5 21. b3 Qb4 22. Qe3 Rc8 23. Ne2 Bd7 24. c3 Qc5 25. Qg3 b5 26. axb5 Qxb5 27. Nd4 Qc5 28. Be6 Qxc3 29. Qxc3 Rxc3 30. Bxd7 Nxd7 31. Ne6+ Kf7 32. Nxf8 Nxf8 33. Rf3 Rc5 34. Rf2 Nd7 35. Rfa2 Rb5 36. Rxa5 Rxb3 37. Ra7 Nc5 38. fxg6+ hxg6 39. Re1 Rb4 40. g3 Rxe4 41. Rf1 f5 42. Kg2 Re3 43. Rb1 Ne4 44. Rbb7 Nxg3 45. Kf2 f4 46. Kg2 Nf5 47. h5 gxh5 48. Rb5 Kf6 49. Ra8 Re5 50. Rf8+ Ke6 51. Rb4 f3+ 52. Kxf3 d5 53. Rb6+ Nd6 54. Rh8 Rf5+ 55. Ke2 Ke5 56. Rh7 e6 57. Rh6 Rf6 58. Rxf6 Kxf6 59. Rxd6 Kf5 60. Ke3 h4 61. Rd8 Ke5 62. Rh8 d4+ 63. Kd3 Kd5 64. Rxh4 e5 65. Rh5 1-0

[Event "Titled Tuesday intern op 22nd Nov Early"]
[Site "Chess.com INT"]
[Date "2022.11.22"]
[Round "1"]
[White "Kouskoutis, Georgios Alexandros"]
[Black "Bluebaum, Matthias"]
[Result "0-1"]
[WhiteElo "2279"]
[BlackElo "2651"]
[PlyCount "100"]
[EventDate "2022.11.22"]
[EventType "swiss (blitz)"]
[EventRounds "11"]
[EventCountry "USA"]
[SourceTitle "CBM 211 Extra"]
[Source "ChessBase"]
[SourceDate "2023.01.31"]
[SourceVersion "1"]
[SourceVersionDate "2023.01.31"]
[SourceQuality "1"]

1. Nf3 d5 2. g3 Nf6 3. Bg2 e6 4. 0-0 Be7 5. b3 0-0 6. Bb2 a5 7. c4 c6 8. d3 Nbd7 9. Nbd2 a4 10. Qc2 a3 11. Bc3 c5 12. e3 b6 13. d4 Bb7 14. dxc5 bxc5 15. Rfd1 Qb6 16. Rac1 Rfd8 17. cxd5 exd5 18. Ne5 Nxe5 19. Bxe5 Rac8 20. Qf5 h6 21. e4 Qe6 22. Qxe6 fxe6 23. Bh3 Rc6 24. exd5 exd5 25. Nf1 d4 26. Bg2 Nd5 27. Bf4 Nxf4 28. gxf4 Rg6 29. Ng3 Bxg2 30. Kxg2 Bd6 31. Kf1 Rf6 32. Ne4 Rf5 33. Nxd6 Rxd6 34. Rd3 Rdf6 35. Rc2 Rxf4 36. b4 c4 37. Rxc4 Rxf2+ 38. Kg1 Rxa2 39. Rdxd4 Ra1+ 40. Kg2 a2 41. Rc8+ Kh7 42. Ra8 Rg6+ 43. Kh3 h5 44. Rd2 Rb1 45. Raxa2 Rb3+ 46. Kh4 Rg4+ 47. Kxh5 Rbxb4 48. Rd6 g6+ 49. Rxg6 Rxg6 50. Ra7+ Rg7 0-1

[Event "Titled Tuesday intern op 22nd Nov Early"]
[Site "Chess.com INT"]
[Date "2022.11.22"]
[Round "5"]
[White "Sanchez, Roberto Daniel"]
[Black "Kouskoutis, Georgios Alexandros"]
[Result "0-1"]
[WhiteElo "1971"]
[BlackElo "2279"]
[PlyCount "96"]
[EventDate "2022.11.22"]
[EventType "swiss (blitz)"]
[EventRounds "11"]
[EventCountry "USA"]
[SourceTitle "CBM 211 Extra"]
[Source "ChessBase"]
[SourceDate "2023.01.31"]
[SourceVersion "1"]
[SourceVersionDate "2023.01.31"]
[SourceQuality "1"]

1. e4 c5 2. Nf3 d6 3. d4 cxd4 4. Nxd4 Nf6 5. Nc3 g6 6. Be3 Bg7 7. f3 a6 8. Qd2 h5 9. 0-0-0 b5 10. Kb1 Bb7 11. e5 dxe5 12. Ne6 Qxd2 13. Nxg7+ Kf8 14. Ne6+ fxe6 15. Rxd2 Nc6 16. Ne4 Nxe4 17. fxe4 Rd8 18. Rxd8+ Nxd8 19. Bd3 Nf7 20. Rf1 Kg7 21. Bc5 Nd6 22. a3 Rf8 23. Re1 Rf4 24. g3 Rf7 25. Ka2 h4 26. gxh4 Rf4 27. Kb3 Bxe4 28. Bxd6 Bd5+ 29. Kc3 exd6 30. b3 Rxh4 31. Re2 e4 32. Bxb5 axb5 33. Kb4 Bc6 34. c4 bxc4 35. bxc4 d5 36. Kc5 Ba8 37. Rb2 dxc4 38. Kxc4 e3+ 39. Kd3 Ra4 40. Rb3 Bd5 41. Rc3 Rc4 42. Rxc4 Bxc4+ 43. Kxe3 e5 44. Ke4 Kf6 45. h4 Ke6 46. a4 Ba6 47. a5 Bb5 48. Ke3 Kd5 0-1

[Event "Titled Tuesday intern op 15th Nov Early"]
[Site "Chess.com INT"]
[Date "2022.11.15"]
[Round "2"]
[White "Kouskoutis, Georgios Alexandros"]
[Black "Rose, Felix"]
[Result "1-0"]
[WhiteElo "2279"]
[BlackElo "2091"]
[PlyCount "71"]
[EventDate "2022.11.15"]
[EventType "swiss (blitz)"]
[EventRounds "11"]
[EventCountry "USA"]
[SourceTitle "CBM 211 Extra"]
[Source "ChessBase"]
[SourceDate "2023.01.31"]
[SourceVersion "1"]
[SourceVersionDate "2023.01.31"]
[SourceQuality "1"]

1. Nf3 d5 2. g3 Nf6 3. Bg2 c6 4. 0-0 Bf5 5. b3 h6 6. Bb2 e6 7. c4 Nbd7 8. d3 Bh7 9. Nbd2 Be7 10. Qc2 0-0 11. Rad1 a5 12. a3 Qb6 13. h3 Nc5 14. Bd4 Qc7 15. Qb2 Ncd7 16. Ne5 Nxe5 17. Bxe5 Bxa3 18. Qa1 Qe7 19. Kh2 Bd6 20. f4 Rfe8 21. e4 dxe4 22. dxe4 Bxe5 23. Qxe5 Nd7 24. Qc3 Qb4 25. Qf3 Nc5 26. f5 f6 27. e5 exf5 28. exf6 g5 29. Qh5 Rf8 30. Qxh6 Ne6 31. Nf3 g4 32. Rd7 Rf7 33. Rxf7 Kxf7 34. Ne5+ Kg8 35. f7+ Kh8 36. Ng6# 1-0

[Event "Titled Tuesday intern op 15th Nov Early"]
[Site "Chess.com INT"]
[Date "2022.11.15"]
[Round "1"]
[White "Svane, Rasmus"]
[Black "Kouskoutis, Georgios Alexandros"]
[Result "1-0"]
[WhiteElo "2619"]
[BlackElo "2279"]
[PlyCount "57"]
[EventDate "2022.11.15"]
[EventType "swiss (blitz)"]
[EventRounds "11"]
[EventCountry "USA"]
[SourceTitle "CBM 211 Extra"]
[Source "ChessBase"]
[SourceDate "2023.01.31"]
[SourceVersion "1"]
[SourceVersionDate "2023.01.31"]
[SourceQuality "1"]

1. Nf3 d5 2. g3 Nc6 3. d4 Bg4 4. Bg2 Qd7 5. h3 Bxf3 6. exf3 e6 7. f4 0-0-0 8. c3 f5 9. Nd2 Nf6 10. Nf3 Kb8 11. 0-0 h6 12. Qd3 Bd6 13. b4 Rdg8 14. a4 Nd8 15. Ne5 Qe8 16. c4 g5 17. c5 Bxe5 18. fxe5 Ne4 19. b5 h5 20. b6 cxb6 21. cxb6 a6 22. Ba3 h4 23. g4 Nf7 24. f3 Ng3 25. Rfc1 Ka8 26. Rc7 Rh7 27. Rac1 Rgh8 28. a5 fxg4 29. Rxb7 1-0

[Event "Titled Tuesday intern op 08th Nov Early"]
[Site "Chess.com INT"]
[Date "2022.11.08"]
[Round "6"]
[White "Peyrer, Konstantin"]
[Black "Kouskoutis, Georgios Alexandros"]
[Result "1-0"]
[WhiteElo "2393"]
[BlackElo "2279"]
[PlyCount "59"]
[EventDate "2022.11.08"]
[EventType "swiss (blitz)"]
[EventRounds "11"]
[EventCountry "USA"]
[SourceTitle "EXT 2024"]
[Source "ChessBase"]
[SourceDate "2023.10.10"]
[SourceVersion "1"]
[SourceVersionDate "2023.10.10"]
[SourceQuality "1"]

1. e4 c5 2. Nf3 e6 3. d4 cxd4 4. Nxd4 Nc6 5. Nc3 Qc7 6. Be3 a6 7. Qf3 Nf6 8. 0-0-0 Nxd4 9. Bxd4 e5 10. Be3 Bb4 11. Bd2 0-0 12. a3 Bxc3 13. Bxc3 d5 14. Rxd5 Nxd5 15. exd5 Bd7 16. Bd3 a5 17. Re1 Rfe8 18. Qg3 f6 19. Qh4 f5 20. f3 b5 21. Qg3 f4 22. Qg5 Qd8 23. Qh5 g6 24. Bxg6 hxg6 25. Qxg6+ Kf8 26. Rxe5 Rxe5 27. Bxe5 Qe7 28. Bd6 Qxd6 29. Qxd6+ Ke8 30. Qxf4 1-0

[Event "Titled Tuesday intern op 01st Nov Late"]
[Site "Chess.com INT"]
[Date "2022.11.01"]
[Round "1"]
[White "Freile Martin, Javier"]
[Black "Kouskoutis, Georgios Alexandros"]
[Result "1-0"]
[WhiteElo "2329"]
[BlackElo "2279"]
[PlyCount "69"]
[EventDate "2022.11.01"]
[EventType "swiss (blitz)"]
[EventRounds "11"]
[EventCountry "USA"]
[SourceTitle "EXT 2024"]
[Source "ChessBase"]
[SourceDate "2023.10.10"]
[SourceVersion "1"]
[SourceVersionDate "2023.10.10"]
[SourceQuality "1"]

1. c4 Nf6 2. Nc3 g6 3. d4 Bg7 4. e4 d6 5. Be2 0-0 6. Nf3 c5 7. d5 e6 8. h3 exd5 9. exd5 Re8 10. 0-0 Na6 11. Bd3 Nc7 12. Bf4 a6 13. a4 Nh5 14. Bg5 f6 15. Bd2 f5 16. Re1 Bd7 17. Rxe8+ Qxe8 18. Qe1 Qxe1+ 19. Rxe1 Re8 20. Rxe8+ Nxe8 21. a5 h6 22. g3 Kf7 23. Kg2 g5 24. Bc2 f4 25. g4 Nhf6 26. Ba4 Ke7 27. Bxd7 Nxd7 28. b3 Ne5 29. Nxe5 Bxe5 30. Ne4 Nf6 31. Nxf6 Kxf6 32. Kf3 Bd4 33. Be1 Ke5 34. Ke2 Bb2 35. Kd3 1-0

[Event "Titled Tuesday intern op 18th Oct Early"]
[Site "Chess.com INT"]
[Date "2022.10.18"]
[Round "3"]
[White "Predke, Alexandr"]
[Black "Kouskoutis, Georgios Alexandros"]
[Result "1-0"]
[WhiteElo "2684"]
[BlackElo "2287"]
[PlyCount "99"]
[EventDate "2022.10.18"]
[EventType "swiss (blitz)"]
[EventRounds "11"]
[EventCountry "USA"]
[SourceTitle "EXT 2024"]
[Source "ChessBase"]
[SourceDate "2023.10.10"]
[SourceVersion "1"]
[SourceVersionDate "2023.10.10"]
[SourceQuality "1"]

1. Nf3 d5 2. g3 Nc6 3. d4 Bg4 4. Bg2 Qd7 5. 0-0 0-0-0 6. b4 Bxf3 7. Bxf3 e5 8. c3 e4 9. Bg2 f5 10. b5 Nce7 11. a4 Kb8 12. Qb3 Nf6 13. a5 Nc8 14. Bg5 Be7 15. e3 Ng4 16. Bxe7 Qxe7 17. Nd2 h5 18. h3 Nf6 19. c4 h4 20. c5 hxg3 21. fxg3 Nh5 22. Rxf5 Nxg3 23. Re5 Qh4 24. Qd1 Rhe8 25. Rxe8 Rxe8 26. Qg4 Qxg4 27. hxg4 Ne2+ 28. Kf2 Nc3 29. Bf1 Rf8+ 30. Ke1 c6 31. b6 a6 32. Rc1 Nb5 33. Bxb5 axb5 34. Ke2 Ne7 35. Rh1 Kc8 36. Nf1 Kd7 37. Rh7 Ra8 38. Rxg7 Rxa5 39. Ng3 Ra2+ 40. Kd1 Ke6 41. Nf5 Nxf5 42. gxf5+ Kxf5 43. Rxb7 Ra8 44. Rc7 Kg4 45. Rxc6 Kf3 46. Kd2 Ra2+ 47. Kc3 Ra8 48. b7 Rb8 49. Rb6 Kxe3 50. c6 1-0

[Event "Titled Tuesday intern op 11th Oct Late"]
[Site "Chess.com INT"]
[Date "2022.10.11"]
[Round "2"]
[White "Kouskoutis, Georgios Alexandros"]
[Black "Bernadskiy, Vitaliy"]
[Result "0-1"]
[WhiteElo "2287"]
[BlackElo "2570"]
[PlyCount "114"]
[EventDate "2022.10.11"]
[EventType "swiss (blitz)"]
[EventRounds "11"]
[EventCountry "USA"]
[SourceTitle "EXT 2024"]
[Source "ChessBase"]
[SourceDate "2023.10.10"]
[SourceVersion "1"]
[SourceVersionDate "2023.10.10"]
[SourceQuality "1"]

1. c4 e6 2. g3 d5 3. Bg2 Nf6 4. Nf3 Be7 5. 0-0 0-0 6. b3 c6 7. Bb2 b5 8. d3 Bb7 9. Nbd2 a5 10. a3 Na6 11. Qc2 Rc8 12. Rad1 Qb6 13. e4 Rfd8 14. h3 bxc4 15. bxc4 Nc5 16. Rb1 Qa6 17. Rfd1 dxe4 18. Nxe4 Ncxe4 19. dxe4 c5 20. Nd2 Ba8 21. e5 Nd7 22. Bxa8 Qxa8 23. Bc3 Nb8 24. Ne4 Nc6 25. Nd6 Rb8 26. Rb5 Qa7 27. Qe4 Rxb5 28. cxb5 Bxd6 29. exd6 Nd4 30. Bxd4 Rxd6 31. a4 cxd4 32. Rd3 g6 33. Qe5 Rd5 34. Qf6 Qc7 35. Rxd4 Qc1+ 36. Kg2 Qc5 37. Rxd5 Qxd5+ 38. Qf3 Qd4 39. Qa8+ Kg7 40. b6 Qxb6 41. Qe4 Qb4 42. Qxb4 axb4 43. a5 b3 44. a6 b2 45. a7 b1Q 46. a8Q Qb2 47. Qf3 Qf6 48. Qe4 h5 49. h4 Qf5 50. Qd4+ Kh7 51. f3 Qd5 52. Qxd5 exd5 53. Kf2 Kg7 54. Ke3 Kf6 55. Kd4 Ke6 56. g4 Kd6 57. gxh5 gxh5 0-1

[Event "Titled Tuesday intern op 11th Oct Late"]
[Site "Chess.com INT"]
[Date "2022.10.11"]
[Round "7"]
[White "Kouskoutis, Georgios Alexandros"]
[Black "Leiva Rodriguez, Jeammarco Giuseppe"]
[Result "1-0"]
[WhiteElo "2287"]
[BlackElo "2366"]
[PlyCount "69"]
[EventDate "2022.10.11"]
[EventType "swiss (blitz)"]
[EventRounds "11"]
[EventCountry "USA"]
[SourceTitle "EXT 2024"]
[Source "ChessBase"]
[SourceDate "2023.10.10"]
[SourceVersion "1"]
[SourceVersionDate "2023.10.10"]
[SourceQuality "1"]

1. c4 e6 2. g3 d5 3. Bg2 Nf6 4. Nf3 d4 5. 0-0 c5 6. e3 Nc6 7. exd4 cxd4 8. d3 Bd6 9. Na3 e5 10. Nc2 a5 11. Bg5 h6 12. Bxf6 Qxf6 13. Re1 0-0 14. Nd2 Qd8 15. a3 Re8 16. Rb1 a4 17. b4 axb3 18. Rxb3 Qc7 19. Nb4 Nxb4 20. axb4 Bd7 21. b5 Ra2 22. Bd5 Bf5 23. Qf3 Bg6 24. Ne4 b6 25. Rbb1 Bf8 26. c5 Bxe4 27. Rxe4 Bxc5 28. Bxa2 Qd7 29. Rbe1 Bd6 30. Bd5 Re7 31. Bc6 Qa7 32. R4e2 g6 33. Qd5 Kg7 34. Qxd6 Qa3 35. Qxa3 1-0

[Event "Titled Tuesday intern op 11th Oct Late"]
[Site "Chess.com INT"]
[Date "2022.10.11"]
[Round "10"]
[White "Tarasova, Viktoriya"]
[Black "Kouskoutis, Georgios Alexandros"]
[Result "0-1"]
[WhiteElo "2226"]
[BlackElo "2287"]
[PlyCount "76"]
[EventDate "2022.10.11"]
[EventType "swiss (blitz)"]
[EventRounds "11"]
[EventCountry "USA"]
[SourceTitle "EXT 2024"]
[Source "ChessBase"]
[SourceDate "2023.10.10"]
[SourceVersion "1"]
[SourceVersionDate "2023.10.10"]
[SourceQuality "1"]

1. d4 Nf6 2. c4 e6 3. Nc3 Bb4 4. Nf3 0-0 5. Bg5 h6 6. Bh4 g5 7. Bg3 Ne4 8. Qc2 f5 9. Nd2 Bxc3 10. bxc3 Nxd2 11. Kxd2 d6 12. h4 Qf6 13. hxg5 hxg5 14. e3 Nc6 15. Be2 Bd7 16. Rh5 Be8 17. Rh2 Bg6 18. f4 gxf4 19. exf4 Nxd4 20. Qd3 Nxe2 21. Qxe2 Kf7 22. Rah1 Rh8 23. Bf2 c5 24. Qf3 Rxh2 25. Rxh2 Qe7 26. Bh4 Qd7 27. Qg3 e5 28. Qg5 Qe6 29. g3 Rh8 30. Re2 e4 31. Rf2 d5 32. Re2 d4 33. Kc1 d3 34. Re3 Rxh4 35. gxh4 Qxc4 36. Qh6 Qxc3+ 37. Kd1 Qc2+ 38. Ke1 d2+ 0-1

[Event "Titled Tuesday intern op 11th Oct Late"]
[Site "Chess.com INT"]
[Date "2022.10.11"]
[Round "6"]
[White "Timmermans, Mark"]
[Black "Kouskoutis, Georgios Alexandros"]
[Result "1-0"]
[WhiteElo "2392"]
[BlackElo "2287"]
[PlyCount "67"]
[EventDate "2022.10.11"]
[EventType "swiss (blitz)"]
[EventRounds "11"]
[EventCountry "USA"]
[SourceTitle "EXT 2024"]
[Source "ChessBase"]
[SourceDate "2023.10.10"]
[SourceVersion "1"]
[SourceVersionDate "2023.10.10"]
[SourceQuality "1"]

1. Nf3 d5 2. c4 d4 3. b4 f6 4. Qa4+ c6 5. e3 e5 6. c5 dxe3 7. fxe3 e4 8. Nd4 f5 9. Bc4 Nf6 10. 0-0 g6 11. Bb2 Bg7 12. Na3 a6 13. Qb3 Qe7 14. Be6 Bxe6 15. Nxe6 Bh6 16. Bxf6 Qxf6 17. Nc7+ Ke7 18. Nxa8 Nd7 19. Nb6 Nxb6 20. cxb6 Rd8 21. Nc4 Rd3 22. Qb2 Qxb2 23. Nxb2 Rxd2 24. Nc4 Rd5 25. a4 Ke6 26. Rfd1 Bg7 27. Rac1 Bh6 28. Kf2 Bf8 29. Rxd5 cxd5 30. Na5 Bxb4 31. Nxb7 d4 32. Nc5+ Kd5 33. b7 dxe3+ 34. Ke2 1-0

[Event "Titled Tuesday intern op 11th Oct Early"]
[Site "Chess.com INT"]
[Date "2022.10.11"]
[Round "6"]
[White "Zilleruelo Irizarry, Diego"]
[Black "Kouskoutis, Georgios Alexandros"]
[Result "0-1"]
[WhiteElo "2063"]
[BlackElo "2287"]
[PlyCount "80"]
[EventDate "2022.10.11"]
[EventType "swiss (blitz)"]
[EventRounds "11"]
[EventCountry "USA"]
[SourceTitle "EXT 2024"]
[Source "ChessBase"]
[SourceDate "2023.10.10"]
[SourceVersion "1"]
[SourceVersionDate "2023.10.10"]
[SourceQuality "1"]

1. e4 c5 2. Nf3 g6 3. c3 Bg7 4. d4 cxd4 5. Nxd4 Nc6 6. Nxc6 bxc6 7. Bd3 Nf6 8. 0-0 0-0 9. Nd2 d5 10. Re1 e6 11. e5 Nd7 12. Nf3 f6 13. exf6 Qxf6 14. Bg5 Qf7 15. Nd4 Qxf2+ 16. Kh1 Bxd4 17. cxd4 Qxd4 18. Rxe6 Nc5 19. Re3 Bg4 20. Be2 Qxd1+ 21. Rxd1 Bxe2 22. Rxe2 Ne4 23. Bh6 Nf2+ 24. Rxf2 Rxf2 25. Rb1 Re8 26. h3 Ree2 27. Rg1 Rxb2 28. a4 d4 29. Bg5 c5 30. Be7 Rbc2 31. Bh4 Rfe2 32. Bg5 d3 33. Kh2 d2 34. Rb1 Re1 35. Rb8+ Kf7 36. Rb7+ Ke6 37. Bxd2 Rxd2 38. Rxh7 Ree2 39. Rxa7 Rxg2+ 40. Kh1 Rge2 0-1